[Event "POL-ch"]
[Site "Warsaw"]
[Date "2004.05.05"]
[Round "11"]
[White "Macieja, Bartlomiej"]
[Black "Gdanski, Jacek"]
[Result "1-0"]
[WhiteElo "2633"]
[BlackElo "2529"]
[Annotator "Ribli,Z"]
[PlyCount "115"]
[EventDate "2004.04.24"]
[EventType "tourn"]
[EventRounds "13"]
[EventCountry "POL"]
[EventCategory "12"]
[SourceTitle "CBM 101"]
[Source "ChessBase"]
[SourceDate "2004.07.27"]
[SourceVersion "1"]
[SourceVersionDate "2004.07.27"]
[SourceQuality "1"]

1. Nf3 Nf6 2. c4 c5 3. Nc3 Nc6 4. d4 cxd4 5. Nxd4 e6 6. Ndb5 {Das ist die alte
Fortsetzung. Interessanterweise möchte Macieja nicht die Variante 6.a3 spielen,
was in Krasenkow-Macieja (3. Runde) im gleichen Turnier vorkam.} Bb4 {Diese
Variante ist heutzutage ein seltener Gast in der Großmeisterpraxis -
gewöhnlich spielt man die Variante 6...d5 7.Bf4 e5 8.cxd5 exf4 9.dxc6 bxc6 10.
Qxd8+ Kxd8, welche ungefähr zu gleichem Spiel führt .} 7. Bf4 (7. a3 Bxc3+ 8.
Nxc3 d5 $11 {Weiß hat das Läuferpaar, aber Schwarz hat Entwicklungsvorteil und
er kann schnell d5-d4 ziehen.}) 7... O-O 8. Bd6 (8. Bc7 $5 {Ähnliche
Stellungen wie in der Partie bekommen wir nach 8.Bc7!? Qe7 9.Bd6 Bxd6 10.Qxd6.}
) 8... Bxd6 9. Nxd6 Qb6 (9... Ne8 10. e3 Qb6 11. Rb1 Qb4 12. Nxe8 Rxe8 13. Be2
Rd8 14. O-O b6 15. a3 Qe7 16. b4 (16. Bf3 Bb7 17. Qa4 Na5 18. Bxb7 Nxb7 19.
Rfd1 Nc5 20. Qc2 d6 21. Rd4 Rac8 22. Rbd1 Nb7 23. b4 $14 {1/2-1/2 Filippov,
V-Zvjaginsev,V/Rethymnon 2003/CBM 98 (77)}) 16... d6 17. Qb3 Bb7 18. Rfd1 Ne5
19. Rd4 Qg5 20. e4 Nc6 21. Rd3 e5 22. Nb5 Qe7 23. Qd1 Ba6 24. Rc1 Bxb5 25. cxb5
Nd4 26. Rdc3 {1-0 Pelletier,Y-Nikcevic,N/France 2003/CBM 95 (30)}) 10. Qd2 Nd4
{Mit diesem Zug kann sich Schwarz von dem d6-Springer befreien. Mit dem
gleichen Ziel spielt Schwarz die Alternative 10...Ne8.} 11. O-O-O (11. Rd1 Qxd6
12. Qxd4 Qxd4 13. Rxd4 d5 (13... b6 $5) 14. cxd5 Nxd5 15. Nxd5 exd5 16. e3 Be6
17. Be2 Rac8 18. Kd2 Rfd8 {1/2-1/2 Sebenik,M-Farago,I/Bled 18. - 24.november
2002 (33)}) (11. e3 Nc2+ (11... Qxd6 12. exd4 b6 13. Be2 Bb7 14. O-O $14) 12.
Qxc2 Qxd6 13. Be2 a6 14. O-O b6 15. Rfd1 Qc7 16. Rd2 Bb7 17. Rad1 Rfd8 {
1/2-1/2 Rustemov,A-Dvoirys,S/Skelleftea 2001/CBM 81 ext (17)}) 11... Qxd6 12.
Qxd4 Qxd4 13. Rxd4 b6 14. e4 Rd8 {Schwarz möchte die Bauernstruktur nicht
ändern. Obwohl die Alternative 14...e5 das d5-Feld schwächt, bietet sie
Schwarz gute Ausgleichschancen, und in diesem Fall kann Weiß nicht mit e4-e5
Raum gewinnen.} (14... e5 15. Rd2 Bb7 16. f3 Rfd8 17. Be2 Kf8 18. Rhd1 Ke7 19.
Bf1 d6 20. b3 Bc6 21. Kb2 a6 22. a3 {1/2-1/2 Agrest,E-Eingorn,V/Graz 1997/EXT
2000 (31)}) 15. e5 Ne8 16. Be2 {[%mdl 4] Neuer Zug in einer alten Variante.
Der Läufer steht besser auf e2 als auf d3. Die weiße Drohung ist 17.Bf3 und im
Falle von 16...Bb7 kann Weiß mit Turmverdoppelung den d7-Bauern sofort
angreifen.} (16. Bd3 Bb7 17. Be4 Bxe4 18. Nxe4 Kf8 19. Rhd1 Ke7 {1/2-1/2
Rubinetti,J-Hulak,K/Toluca 1982/IZT (19)}) 16... Bb7 17. Rhd1 f6 (17... Bc6 $6
18. Bf3 $16) (17... Bxg2 18. Rxd7 Rxd7 19. Rxd7 Bc6 20. Rd2 $14 {Der e8N steht
passiv und Weiß hat eine Bauernmehrheit am Damenflügel.}) 18. Bf3 (18. exf6
Nxf6 $11) 18... Bxf3 19. gxf3 fxe5 (19... Rac8 20. b3 $14) 20. Rxd7 Rdc8 (20...
Rxd7 21. Rxd7 $16) 21. b3 $14 {[%mdl 4096] Beide Spieler haben eine schlechte
Bauernstruktur, aber wegen seines aktiven Figurenspiels sind die weißen
Chancen besser.} Nf6 (21... Rc7 22. Rxc7 (22. Ne4 $14) 22... Nxc7 23. Rd7 $14)
22. R7d6 (22. Re7 Re8) 22... Kf7 23. Ne4 (23. Kb2 Ke7 $11) 23... b5 (23... Nxe4
24. Rd7+ Kf6 25. fxe4 b5 26. Rg1 g5 (26... bxc4 27. Rgxg7 cxb3+ 28. Kb2 Rf8 29.
axb3 $16) 27. h4 h6 (27... gxh4 28. Rgg7 Rf8 29. cxb5 $16) (27... bxc4 28.
hxg5+ Kg6 29. Rd6 cxb3+ 30. Kb2 Re8 31. axb3 Rad8 $11) 28. h5 bxc4 29. Rg3
cxb3+ 30. Kd2 g4 31. Rxg4 Rg8 32. Rxg8 Rxg8 33. axb3 $11) 24. Nd2 a5 $6 (24...
Ke7 25. Ra6 (25. Rd3 Nd5 $132) 25... Nd5 $132 {[%cal Gc8c1]}) 25. Kb2 bxc4 $6 (
25... b4 26. Ne4 $14) (25... Rab8 $14) 26. Nxc4 {[%csl Gc4][%cal Gc4a5,Gc4e5]}
Rc5 27. Rb6 {[%cal Gb6b7,Gb7f7,Gd1d6,Gb6e6] Nun kann Weiß die Türme auf der 6.
Reihe verdoppeln oder Rb7+ spielen.} Ra7 28. Rdd6 Nd7 (28... Re7 29. Ra6 $16 {
[%csl Ra5]}) 29. Ra6 Rxa6 30. Rxa6 {Der a5P ist nicht zu verteidigen.} e4 31.
Ra7 (31. fxe4 Ne5 32. Kc3 Nxc4 33. bxc4 $16) 31... Ke8 (31... Ke7 32. Nb6) 32.
Nd6+ Ke7 33. Nxe4 $16 {Weiß hat einen Bauern mehr und eine aktive Stellung.}
Rh5 34. Kc3 Kd8 (34... Rxh2 35. Nc5 $18) 35. a4 Rf5 (35... Rxh2 36. Rxa5 $18)
36. Kc2 Rxf3 $6 (36... g5 $16) 37. Rxa5 {[%csl Ga4,Gb3] Mit zwei ernfernten
Freibauern muss Weiß das Endspiel gewinnen.} Nf6 38. Nxf6 {Das ist eine gute
Vereinfachung für Weiß.} (38. Nc5 Rxf2+ 39. Kd3 Rxh2 40. Ra7 $16) 38... gxf6 (
38... Rxf2+ 39. Kc3 gxf6 40. Rh5 $16) (38... Rxf6 39. Ra7 Rxf2+ 40. Kc3 Rxh2
41. Rxg7 $16) 39. Rh5 Kd7 40. Rxh7+ Kd6 41. b4 Rxf2+ 42. Kb3 {Gewöhnlich hat
der Verteidiger in Turmendspielen gute Remischancen, aber hier nicht - mit
zwei ernfernten Freibauern mit der Unterstützung des Königs gewinnt Weiß
leicht.} Rf3+ 43. Kc4 Ra3 44. a5 e5 45. Rh6 Ke6 46. Rh8 e4 47. Re8+ Kf5 48. Kb5
Kf4 49. a6 $18 {Die weißen Bauern sind viel schneller.} f5 50. Kb6 Ke3 51. a7
f4 52. a8=Q Rxa8 53. Rxa8 f3 54. Kc5 f2 55. Rf8 Ke2 56. b5 e3 57. Kd4 Kd1 58.
Kxe3 1-0

[Event "RUS-chT 05th"]
[Site "Maikop"]
[Date "1998.06.05"]
[Round "3"]
[White "Filippov, Valerij"]
[Black "Notkin, Maksim"]
[Result "1-0"]
[WhiteElo "2595"]
[BlackElo "2505"]
[Annotator "Ribli,Z"]
[PlyCount "65"]
[EventDate "1998.06.03"]
[EventType "team-tourn"]
[EventRounds "11"]
[EventCountry "RUS"]
[SourceTitle "CBM 066"]
[Source "ChessBase"]
[SourceDate "1998.09.30"]
[SourceVersion "1"]
[SourceVersionDate "1998.09.30"]
[SourceQuality "1"]
[WhiteTeam "Noyabrsk Yamal"]
[BlackTeam "Moscow Apiko-Yakimanka"]
[WhiteTeamCountry "RUS"]
[BlackTeamCountry "RUS"]

1. Nf3 Nf6 2. c4 c5 3. Nc3 Nc6 4. d4 cxd4 5. Nxd4 e6 6. g3 Qb6 7. Nb3 Ne5 8. e4
Bb4 9. Qe2 d6 {Dies ist eine spezielle Igelstellung. Weiß besitzt großen
Raumvorteil, aber Schwarz hat lebendiges Figurenspiel in fester Stellung.
Ribli.} 10. Bd2 $5 {Diese Fortsetzung in in letzter Zeit in Mode. Früher
spielte man gewöhnlich 10.f4 Nc6 11.Be3 Bxc3 12.bxc3 Qc7 13.Bg2. Mit der
Partiefortsetzung kann Weiß die Doppelbauern in der c-Linie vermeiden.} O-O (
10... Bd7 11. f4 Ng6 12. Bg2 Bc6 13. O-O-O O-O 14. Kb1 a5 15. Be3 Qc7 16. Nb5
Bxb5 17. cxb5 a4 18. Nd4 a3 19. b6 Qe7 20. Nc2 $14 {Kortschnoj,V-Anand,V/Paris
Immopar rapid 1991/0-1 (56)}) 11. O-O-O {Das ist die neuste Errungenschaft der
Theorie. Weiß spielt die lange Rochade, gar nicht typisch für die Englische
Eröffnung.} (11. f4 $6 Nc6 12. O-O-O e5 $1 13. Nd5 Nxd5 14. cxd5 Bxd2+ 15. Qxd2
Nb4 16. Kb1 Bd7 17. a3 Na6 18. Na5 Nc5 19. Nc4 Qc7 20. fxe5 dxe5 21. Qe3 f6 22.
Rc1 Rac8 23. Be2 b5 $1 {Lautier,J-Lutz,C/Baden Baden 1992/0-1 (49)}) (11. Rc1
d5 (11... a5 $5 12. f4 Nc6 13. Be3 Qc7 14. Nd2 $1 b6 15. Bg2 Ba6 16. Nb5 Qd7
17. O-O Rab8 18. Rfd1 $6 (18. Rcd1 $1 Bxb5 19. cxb5 Ne7) 18... e5 $1 19. Nf3
Qe7 20. Nh4 g6 21. fxe5 Nxe5 22. Bg5 Bc5+ 23. Kh1 Bxb5 $1 24. cxb5 Qe6 {
1/2-1/2 Timman,J-Gulko,B/Riga 1995 (27)}) 12. c5 Qd8 13. a3 dxe4 14. Nxe4 Bxd2+
15. Nbxd2 Bd7 16. f4 Nxe4 17. Nxe4 Nc6 18. Bg2 e5 19. O-O exf4 20. gxf4 Nd4 21.
Qf2 Nf5 22. Rcd1 Qc7 23. Nd6 Rab8 24. Rfe1 Be6 25. Bh3 g6 26. Bxf5 Bxf5 27.
Nxf5 gxf5 $14 {Romero Holmes,A-Izeta,F/ch-ESP Team, Ampuriabrava ESP 1997/1/
2-1/2 (46)}) 11... Nc6 {Dieser Springerzug ist nicht schlecht, aber die
konkrete Antwort 11...a5 ist für Weiß gefährlicher.} (11... a5 $5 12. f4 Nc6 (
12... a4 13. fxe5 (13. Nxa4 $6 Rxa4 14. fxe5 dxe5 $11) 13... axb3 14. a3 Bxc3
15. Bxc3 dxe5 16. Bxe5 Qc6 17. Bxf6 gxf6 18. Qg4+ Kh8 19. Qf3 e5 20. Rd5 f5 21.
Rxe5 Be6 22. Rb5 f6 23. Rxb3 fxe4 24. Qe3 Bxc4 25. Bxc4 Qxc4+ 26. Kb1 Qd5 27.
Rb4 Rae8 28. Rc1 Rf7 29. Rc5 {1-0 Ivanchuk,V-Khalifman,A/President's Cup 1998 
(47)}) 13. Be3 Qa6 14. Nb5 a4 15. Nc7 axb3 16. Nxa6 bxa2 17. Kc2 Rxa6 18. Bg2 (
18. e5 $5 dxe5 19. fxe5 Nxe5 20. Kb3 a1=Q 21. Rxa1 Rxa1 22. Kxb4 Bd7 $13 {
Dvoirys,S}) 18... e5 19. f5 Bc5 20. b3 Bd7 21. Kb2 Nd4 22. Bxd4 a1=Q+ 23. Rxa1
Bxd4+ 24. Kc2 Bxa1 {0-1 Gleizerov,E-Dvoirys,S/Cheliabinsk 1989}) 12. Bg2 $14 {
Ich denke, diese natürliche Läuferentwicklung ist chancenreicher als der
sofortige Bauernsturm mit 12.g4.} (12. g4 Nd7 13. Be3 Nc5 14. Nxc5 dxc5 15. Na4
Qa6 16. Qc2 Nd4 17. Bxd4 cxd4 18. Rxd4 e5 19. Rd5 Bxg4 20. Kb1 Rac8 21. Rxe5
Qf6 22. Rd5 b5 $6 (22... Bf3 23. Rg1 Qh4 24. Bd3 Rfe8 $13) 23. Rxb5 Qf3 24. Rg1
Rfd8 25. Bd3 Rxd3 26. Rxb4 Rcd8 27. Nc3 Rd2 $4 {Das ist ein schrecklicher
Fehler in schwieriger Stellung.} 28. Qxd2 {1-0 Gschnitzer,O-Horvath,J/Dornbirn
op 1990}) 12... a5 $6 {Dieser Zug schwächt das Feld b5, aber Schwarz will
aktiv am Damenflügel spielen. Meines Erachtens ist es zu spät für ...a5, denn
in der Partie erlangt Weiß leicht freies Spiel.} (12... Bd7 $5 {[%cal Gf8c8,
Gc8c1]}) 13. Be3 Qc7 14. Nb5 {[%csl Gb5,Rc7,Rd6][%cal Rb5c7] Der ausgezeichnet
plazierte weiße Springer auf b5 drückt auch gegen den schwarzen Bauern d6.} Qe7
15. a3 a4 (15... Bc5 16. Nxc5 dxc5 17. Rd6 {[%csl Rc5][%cal Re3c5]} Nd7 18.
Rhd1 $16 {[%csl Gb5,Rc8,Gd1,Gd6][%cal Gd1d8] Weiß entfaltet unangenehmen Druck
über die d-Linie.}) 16. N3d4 Bc5 (16... Nxd4 17. Bxd4 Bc5 18. Bxc5 dxc5 19. e5
$16 {[%csl Gb5,Yd6,Ge5,Rf6][%cal Gg2a8,Gd1d8] Weiß hat überzeugendes Spiel,
während der Nachziehende das Problem seines Damenläufers nicht gelöst hat.}) (
16... Ba5 17. Nxc6 bxc6 18. Nxd6 $16) 17. Nxc6 Bxe3+ (17... bxc6 18. Bxc5 dxc5
(18... cxb5 19. Bxd6 $18 {[%cal Rd6f8,Gg2a8]}) 19. e5 $16 {[%csl Rc6,Ge5,Rf6]
[%cal Gg2a8]} Nd5 20. cxd5 cxb5 21. d6 $18) 18. Qxe3 bxc6 19. Nxd6 $16 {
[%csl Gd6][%cal Ga8b8,Gb8b1] Schwarz hat nur geringe Gegenchancen über die
halboffene b-Linie, während Weiß über einen gesunden Mehrbauern und einen
aktiven Springer auf d6 verfügt.} e5 $8 {Sonst gewinnt Weiß weiteren Raum mit
20.e4-e5.} 20. Rd2 {[%cal Gh1d1,Gd1d8,Gd2b2] Weiß verteidigt die potentielle
Schwäche auf b2 und bereitet die Verdoppelung der Türme in der d-Linie vor.}
Rb8 21. Rhd1 $36 Qc7 22. h3 {Dieser Zug ist gegen ...Ng4 oder ...Bg4 gerichtet,
denn Weiß plant f2-f4.} Rb3 {[%csl Gb3] Leider ist dieser Turm die einzige
schwarze Figur, die gut steht.} 23. Qg5 {[%csl Re5,Gg5][%cal Rg5e5]} Qa5 24. f4
{[%csl Gd6,Re5,Gg5][%cal Gg5a5] Schwarz ist in großen Schwierigkeit, der Bauer
auf e5 ist schutzlos.} Be6 25. Nf5 $1 {[%csl Gf5,Gg5,Rg7,Rg8]} (25. Qxe5 $6
Qxe5 26. fxe5 Nd7 $132 {[%csl Gd7,Re5,Rg2][%cal Rd7e5] und Schwarz gewinnt e5
mit Gegenspiel zurück.}) (25. fxe5 Nd7 {[%cal Rd7e5]}) 25... Bxf5 26. Qxf5 Rfb8
(26... Re8 27. g4 $16 {[%cal Rg4g5]}) (26... Rxg3 27. fxe5 $16 {[%csl Rf6]})
27. Qxe5 Qxe5 28. fxe5 Ne8 {[%cal Rb3g3]} 29. g4 {Weiß besitzt zwei Mehrbauern
und Schwarz kann keinerlei Gegenspiel entfalten.} Kf8 (29... Nc7 30. Rd8+ Ne8
31. Rxb8 Rxb8 32. e6 fxe6 33. e5 $16 {[%csl Gg2]}) 30. e6 $1 {Weiß gibt einen
Bauern zurück, um seinen Läufer zu beleben.} fxe6 31. e5 {[%csl Ge5,Re8,Gg2]}
c5 (31... R8b6 32. c5 R6b5 (32... Ra6 33. Rd7 {[%csl Gd1,Gd7,Re8,Rf8][%cal
Rd1f1,Rf1f8]} Ra5 34. Rf1+ Kg8 35. Rd8 $18 {[%cal Rd8g8]}) 33. Rc2 {[%csl Rc6]
[%cal Rg2c6]}) 32. Bc6 $18 {[%csl Gc6][%cal Rc6a4,Rc6e8] Die Aktivierung des
Läufers entscheidet den Kampf.} R3b6 (32... Rxh3 33. Rd8 Rhb3 34. Bxe8 $18) 33.
Bxa4 {und der Schwarze strich die Segel.} 1-0

[Event "EU-ch 5th"]
[Site "Antalya"]
[Date "2004.05.23"]
[Round "8"]
[White "Krasenkow, Michal"]
[Black "Mamedyarov, Shakhriyar"]
[Result "1-0"]
[WhiteElo "2609"]
[BlackElo "2657"]
[Annotator "Ribli,Z"]
[PlyCount "115"]
[EventDate "2004.05.15"]
[EventType "swiss"]
[EventRounds "13"]
[EventCountry "TUR"]
[SourceTitle "CBM 101"]
[Source "ChessBase"]
[SourceDate "2004.07.27"]
[SourceVersion "1"]
[SourceVersionDate "2004.07.27"]
[SourceQuality "1"]

1. Nf3 c5 2. c4 Nc6 3. d4 cxd4 4. Nxd4 Nf6 5. Nc3 e6 6. a3 {Dieser - auf den
ersten Blick - genügsame Bauernzug verhindert die Möglichkeit Bb4. Diese
Variante ist populär in letzter Zeit.} d5 {Schwarz kann auch 6...Bc5 oder 6...
Be7 fortsetzen, oder 6...Nxd4 7.Qxd4 b6, mit der Idee 8...Bc5.} 7. cxd5 exd5 (
7... Nxd5 8. Nxc6 bxc6 9. Bd2 $14) 8. Bg5 Be7 9. e3 O-O 10. Bb5 {Dieser
Läuferzug bietet Weiß mehr Hoffnungen auf Eröffnungsvorteil als die genügsame
Fortsetzung 10.Be2.} Ne5 {Das gefällt mir nicht. Nach meiner Meinung muss der
schwarze Springer prinzipiell - ebenso, wie der d4N vor dem isolierten Bauern
steht - auf c6 sein. Ich glaube, die Alternativen 10...Bd7, 10...Bg4 und auch
10...Nxd4 bieten Schwarz bessere Verteidigungschancen als die
Partiefortsetzung.} (10... Nxd4 11. Qxd4 h6 12. Bh4 Be6 13. O-O a6 14. Be2 Rc8
15. Rac1 Qa5 16. Rfd1 Rfd8 17. h3 Kf8 18. Qd2 Qb6 19. b4 d4 $5 20. exd4 Bb3 $44
{0-1 Leventic,I-Pavlovic,R/Pula 1992/EXT 2002 (26)}) 11. O-O a6 (11... Be6 12.
h3 Rc8 13. Rc1 a6 14. Bd3 b5 15. a4 b4 16. Nce2 Rxc1 17. Nxc1 Qb6 18. Qe2 a5
19. Bf5 Rc8 20. Nd3 Ned7 21. Nf4 Bxf5 22. Nxf5 {1/2-1/2 Zlochevskij,
A-Komljenovic,D/Augsburg 1991/EXT 97 (29)}) (11... h6 12. Bh4 $14 (12. Bxf6
Bxf6 13. Qb3 a6 14. Be2 Nc6 $11)) 12. Be2 Be6 13. Qb3 $14 {[%csl Gb3,Gd4,Rd5,
Re5][%cal Gb3d5,Gb3b7] Der isolierte d5P ist der Zielpunkt des weißen Spiels.
Die Dame steht ausgezeichnet auf b3 und wirkt nicht nur auf den d5-Bauern,
sondern auch auf den b7-Bauern und mit Rfd1 (oder Rad1) kann Weiß seinen
positionelle Druck erhöhen. Der e5N steht weniger gut.} b5 (13... Qd7 14. Rfd1
$14) (13... Nc6 14. Qxb7 $4 (14. Rfd1 Nxd4 15. Rxd4 $14) 14... Na5 $19 {
[%csl Rb7]}) 14. Rad1 {[%cal Gd1d8]} Qb6 $5 {Schwarz opfert den schlechten
d5-Bauern und strebt ein Endspiel an, in dem er Rettungschancen besitzt.} (
14... Qd7 $2 15. f4 {[%cal Rf4e5,Rf4f5,Rf5e6]} Nc6 16. f5 Nxd4 17. Rxd4 Bxf5
18. Nxd5 Be6 19. Bxf6 gxf6 (19... Bxf6 20. Rxf6 gxf6 21. Nxf6+ Kg7 22. Qc3 $18)
20. Qd3 $16) 15. Bxf6 Bxf6 16. Nxd5 Bxd5 17. Qxd5 Rad8 18. Qb3 Nc6 {[%mdl 256]
Schwarz verteidigt sich gut - er möchte die Springer tauschen und die
Anwesenheit ungleichfarbiger Läufer bietet immer Rettungschancen für den
Verteidiger.} 19. Nxc6 (19. Nf3 Ne5) 19... Qxc6 20. Rc1 Qd5 21. Qxd5 Rxd5 22.
Rc2 {[%mdl 4096] Weiß hat einen Bauern mehr, aber die Verwertung des
Materialvorteils ist sehr schwer. Wegen der ungleichfarbigen Läufer muss Weiß
mindestens ein Turmpaar auf dem Brett halten.} Rfd8 {[%cal Gf6b2,Gd8d1]} 23. b3
{[%cal Ga3a4] Es ist notwendig den Wirkungskreis des f6-Läufers zu vermeiden;
Weiß kann nun a3-a4 ziehen.} g6 (23... Rd2 24. Rfc1 $16) (23... a5 $5) 24. a4
Kg7 25. Rfc1 Be7 26. g3 {Stufenweise verbessert Weiß seine Stellung.} bxa4 (
26... Ba3 27. Ra1 Bb4 28. axb5 axb5 29. Ra7 $16) 27. bxa4 a5 28. Rc7 R8d7 29.
Bb5 Rxc7 30. Rxc7 Re5 31. Kf1 Bb4 32. Ke2 Kf6 33. Bc4 Re7 34. Rc6+ {Natürlich
muss Weiß die Türme auf dem Brett halten.} Kg7 35. Bd5 f5 36. f3 $1 {[%cal
Ge3e4]} Rd7 37. e4 fxe4 38. fxe4 $16 {[%csl Gd5,Ge4] Der d5B steht
ausgezeichnet und dominiert auf dem Brett.} Kf8 39. Kd3 Ke7 40. Kd4 Rd6 41. Rc2
Rd7 42. e5 Kd8 43. Rc6 Rc7 44. Ra6 Bc5+ 45. Ke4 Ra7 46. Rf6 Rc7 47. Bc6 Bb4 $6
(47... Be7 48. Re6 $16) 48. Kd5 Rg7 {Das ist ein sehr passiver Platz für den
Turm.} (48... Be7) 49. g4 $1 {Weiß gewinnt weiteren Raum am Königsflügel.} Kc7
50. g5 Re7 (50... Bd2 51. h4 Be1 52. e6 $18) 51. e6 $18 Bd2 52. h4 Be1 53. Rf7
Kd8 (53... Rxf7 54. exf7 Bb4 55. Bb5 $18) 54. Rf4 Bg3 55. Rf3 Be1 (55... Bxh4
56. Kd6 $18) 56. Bd7 Kc7 57. Rf4 Bg3 58. Rg4 (58. Rg4 Be1 (58... Bh2 59. Rc4+
Kb6 60. Rc6+ Kb7 61. Rc5 Kb6 62. Rb5+ $18) 59. Rc4+ Kb6 60. Kd6 $18) 1-0